000 00635nam a2200229Ia 4500
003 OSt
005 20220923230704.0
006 a|||||r|||| 00| 0
007 ta
008 Pun
024 _a304,769
037 _cTextual
040 _aARTS
_cARTS
_bPun
041 _2Pun
_aPun
082 _aV2:2, 153M5
100 _aਪੁਰੀ, ਕੇ. ਕੇ.
_9159218
245 0 _aਕੇ੍ਵਦਰ - ਰਾਜ ਸੰਬੰਧ
_b ਇਕ ਸਰਵੇਞਖਣ
260 _c1985
650 _aਭਾਰਤੀਯ ਇਤਿਹਾਸ
942 _hV2:2, 153M5
_cTEXL
_2CC
999 _c386576
_d386576